00729nas a2200217Ia 4500001001100000003000900011008004100020040001300061040001300074041001300087100004900100210002100149222002100170245009900191250001100290260004200301501008600343300001900429362002400448650003900472R701/B9750IT-RoPAU151124c99999999xx |||||||||||| ||und|| aIT-RoPAU cIT-RoPAU aITALIANO aDe Romanis RobertogCodice Aut. SPICS: 39900 aCARTE SEMIOTICHE aCarte Semiotiche aCARTE SEMIOTICHE, NUOVA SERIE N.01 (OTTOBRE 1993)bFotografia E Memoria: la Parte Per Il Lutto a1a ed. aSIENAbPROTAGON EDITORI TOSCANIc1993 bPaulus - SPICS - Società San Paolo EM (non-commercial uses only)cCopyright2015 a10 p. [93-102] aN.01 (OTTOBRE 1993) aSEMIOTICAvPUBBLICAZIONE PERIODICA